000 00595nam a2200193 a 4500
001 000031325
005 20200930062842.0
008 110620s1932 sp c 000 | spa d
040 _aDO-SdBNP
_bspa
_cBNPHU
082 _axxx
_bC719p
100 1 _aPalau Vera, Juan
_957771
245 1 0 _aVida de Cristóbal Colón /
_cJuan Palau Vera.
260 _aBarcelona :
_bI. G. Seix y Barral Hnos.,
_c1932.
300 _a158 p. :
_bretrs. ;
_c18 cm.
490 1 _aVidas de grandes hombres
500 _aIncluye notas al pie de las páginas.
830 0 _aVidas de grandes hombres
_951984
049 _aBNGR
999 _c30817
_d30817